000 00353nam a2200121Ia 4500
008 201217s9999 xx 000 0 und d
100 _aHarvard Business Review
245 0 _aHarvard Business Review on Management : Classic Advice on Managing Systems
260 _aNew York
_bHarvard Business School Press
300 _a0
490 _vVol. 2
942 _cBK
999 _c7445
_d7445